00712nam a2200205Ia 4500003000900000008004100009020001800050040001600068080001600084245010400100260004600204300001500250650004100265650001400306650003300320700003200353942000700385999001500392952009900407IN-BaIIA211028s9999 xx 000 0 eng d a0-677-15320-1 cIIA Library a524.83bCAR 0aCargese lectures in physicsbvol. 6cedited by Evry Schatzman  aNew YorkbGordon and Breach Sciencec1973 avii, 731p. aAstronomy and astrophysics thesaurus aCosmology aRelativistic cosmology96459 aSchatzman, Evry., ed.99512 cBK c5476d5476 00104070aBANbBANcGENd1977-05-10l0o524.83/ CARp6123r2021-11-05w1977-05-10yBK 42.30